00395nam a2200157Ia 450000500170000000800410001702000170005804000190007504100120009408200150010624500420012126000410016330000130020465000100021785000100022720240803100036.0131103s9999 xx 000 0 und d aSBN195620410 aLoreto College aEnglish a915.4bSOC 2aA Social and edconomic atlas of India aDelhibOxford University Pressc1987 ax,254p.  aAtlas aLCLIB